Normal view
MARC view
Entry Nombre corporativo
001 - NÚMERO DE CONTROL
- campo de control: 41198
003 - IDENTIFICADOR DE NÚMERO DE CONTROL
- campo de control: OSt
005 - FECHA Y HORA DE LA ÚLTIMA TRANSACCIÓN
- campo de control: 20260415201457.0
008 - ELEMENTOS DE DATO DE LONGITUD-FIJA
- campo de control de longitud fija: 260415|| aca||aabn | a|a d
040 ## - FUENTE DE CATALOGACIÓN
- Centro catalogador/agencia de origen: OSt
- Centro/agencia transcriptor: OSt
110 ## - ENCABEZAMIENTO-NOMBRE DE ENTIDAD CORPORATIVA
- Nombre de entidad corporativa o nombre de jurisdicción como elemento de entrada: CENTRAL DE TRABAJADORES DE CUBA.
- Unidad subordinada: Congreso
- Fecha del congreso o de la firma del tratado: 1991 :
- Sede del congreso/Lugar de la reunión: La Habana)
670 ## - FUENTE DE DATOS ENCONTRADOS
- Cita de la fuente: Work cat.: (OSt)2349: CASTRO RUZ, Fidel 3405, Discurso pronunciado por el comandante en jefe Fidel Castro Ruz, primer secretario del Comité Central del Partido Comunista de Cuba [...] en la clausura del XVI congreso de la CTC, celebrada en el teatro "Carlos Marx", el día 28 de enero de 1990, año 32 de la Revolución, 1990